000 00558nam a2200181Ia 4500
003 GCL
008 140319s9999 xx 000 0 ara d
040 _aGCL /
_cGCL
082 0 4 _a070.41
_bم ا
100 1 _aمحمود علم الدين
245 1 0 _aالاخراج الصحفى /
_cمحمود علم الدين
260 _aالقاهرة :
_bالعربى للنشر والتوزيع ،
_c1989
300 _a104ص ؛
_c24 سم
490 _aدراسات الاعلام
_v0
650 0 4 _aالصحافة
650 0 4 _aالاعلام
942 _2ddc
_cBK
999 _c28489
_d28489